00377nam a2200145Ia 450000500170000000800410001703700130005804000200007104100130009108400180010410000170012224500560013926000270019530000090022220250326141051.0250326s9999 xx 000 0 und d aTextbook aFMSLbengcFMSL aeng2eng aX:74 M5qFMSL aChopra BS Ks 0aBusiness policy for Indian industriescChopra BS Ks aPunebPune, T RFc1985 a169p